[Event "Titled Tuesday intern op 21st May Late"]
[Site "Chess.com INT"]
[Date "2024.05.21"]
[Round "1"]
[White "Freile Martin, Javier"]
[Black "Otero Marino, Alain"]
[Result "0-1"]
[WhiteElo "2329"]
[BlackElo "2249"]
[PlyCount "112"]
[EventDate "2024.05.21"]
[EventType "swiss (blitz)"]
[EventRounds "11"]
[EventCountry "USA"]
[SourceTitle "CB22_2024"]
[SourceDate "2024.05.29"]
[SourceVersion "1"]
[SourceVersionDate "2024.05.29"]
[SourceQuality "1"]

1. c4 Nf6 2. Nc3 c5 3. Nf3 d5 4. cxd5 Nxd5 5. e3 Nxc3 6. bxc3 g6 7. d4 Bg7 8. h3 0-0 9. Bc4 Qc7 10. Qe2 b6 11. 0-0 Bb7 12. Bb3 Nd7 13. a4 e5 14. d5 e4 15. Nd2 Bxc3 16. Rb1 Rae8 17. Bb2 Bxb2 18. Rxb2 Qe5 19. Nc4 Qg7 20. Nd6 Rb8 21. a5 Ba8 22. a6 Ne5 23. Nxe4 c4 24. Ba4 Bxd5 25. Nc3 Ba8 26. Nb5 f5 27. f4 Nd3 28. Rc2 Bd5 29. Nd4 Nc5 30. Bc6 Bf7 31. Rxc4 Bxc4 32. Qxc4+ Kh8 33. Rf3 Qe7 34. h4 Qxh4 35. Rh3 Qf6 36. Bb7 Nxb7 37. axb7 Rxb7 38. Nf3 Re7 39. Ng5 Rfe8 40. Kh2 h5 41. Qe2 Kg7 42. Qa2 a5 43. Qb3 Ra8 44. Qa3 b5 45. Qc5 b4 46. Qd5 Rae8 47. Qxa5 b3 48. Qb4 b2 49. e4 fxe4 50. Rh4 e3 51. Nf3 e2 52. f5 e1Q 53. Nxe1 Re2 54. Nf3 Rf2 55. fxg6 Rxf3 56. Qb7+ Re7 0-1

[Event "Titled Tuesday intern op 21st May Late"]
[Site "Chess.com INT"]
[Date "2024.05.21"]
[Round "4"]
[White "Novikov, Evgenij"]
[Black "Otero Marino, Alain"]
[Result "1-0"]
[WhiteElo "2276"]
[BlackElo "2249"]
[PlyCount "99"]
[EventDate "2024.05.21"]
[EventType "swiss (blitz)"]
[EventRounds "11"]
[EventCountry "USA"]
[SourceTitle "CB22_2024"]
[SourceDate "2024.05.29"]
[SourceVersion "1"]
[SourceVersionDate "2024.05.29"]
[SourceQuality "1"]

1. d4 Nf6 2. Nf3 g6 3. Bf4 Bg7 4. e3 d6 5. Nbd2 0-0 6. h3 Nbd7 7. Bh2 Qe8 8. Be2 e5 9. 0-0 c6 10. c4 Qe7 11. Rc1 e4 12. Ne1 d5 13. cxd5 cxd5 14. Nc2 h5 15. Na3 Rd8 16. Bc7 Re8 17. Nb5 Nf8 18. Nd6 Bd7 19. Nxe8 Rxe8 20. Nb3 b6 21. Be5 N8h7 22. Rc7 Ng5 23. h4 Ne6 24. Rxa7 Nh7 25. Bxg7 Kxg7 26. Bb5 Nef8 27. Bxd7 Nxd7 28. Qe2 Rd8 29. Qb5 Nhf8 30. g3 Qf6 31. Qxd5 Qe7 32. Rc1 Qe8 33. Rcc7 Nf6 34. Rxf7+ Kg8 35. Rg7+ Kh8 36. Qg5 Ng8 37. Rge7 Qc6 38. Qe5+ Nf6 39. Rf7 N8d7 40. Qg5 Ng8 41. Qxd8 Qc1+ 42. Kg2 Qf1+ 43. Kxf1 Nf8 44. Ke1 Ne6 45. Qc8 Nd8 46. Qb8 Nxf7 47. Qa8 Kg7 48. Qb8 Ngh6 49. Qb7 Nf5 50. Qxf7+ 1-0

[Event "Titled Tuesday intern op 16th Apr Early"]
[Site "Chess.com INT"]
[Date "2024.04.16"]
[Round "2"]
[White "Rosenberg, Evan"]
[Black "Otero Marino, Alain"]
[Result "1/2-1/2"]
[WhiteElo "1989"]
[BlackElo "2250"]
[PlyCount "124"]
[EventDate "2024.04.16"]
[EventType "swiss (blitz)"]
[EventRounds "11"]
[EventCountry "USA"]
[SourceTitle "CB17_2024"]
[SourceDate "2024.04.24"]
[SourceVersion "1"]
[SourceVersionDate "2024.04.24"]
[SourceQuality "1"]

1. d4 Nf6 2. Nf3 d5 3. g3 e6 4. Bg2 Be7 5. 0-0 0-0 6. c4 dxc4 7. Na3 Bxa3 8. bxa3 b5 9. Ne5 Nd5 10. a4 c6 11. axb5 cxb5 12. a4 Ba6 13. axb5 Bxb5 14. Ba3 Re8 15. Qc2 Nd7 16. Nxd7 Qxd7 17. e4 Nb6 18. d5 exd5 19. exd5 c3 20. Rfd1 Ba4 21. Qxc3 Bxd1 22. Rxd1 Rac8 23. Qa1 Nc4 24. Bb4 a5 25. Bc3 f6 26. h4 a4 27. h5 h6 28. Kh2 Re2 29. Bd4 Qf5 30. Qxa4 Qxh5+ 31. Kg1 Nd6 32. Be3 Rcc2 33. Rf1 Kh7 34. Qf4 Qe5 35. Qf3 f5 36. Bf4 Qe7 37. Bxd6 Qxd6 38. Qxf5+ Kh8 39. Be4 Rxe4 40. Qxe4 Rc8 41. Re1 Rf8 42. Qe6 Qc5 43. Re2 Rd8 44. Re5 Rf8 45. Rf5 Rd8 46. d6 Qc1+ 47. Kg2 Qc6+ 48. f3 Qc2+ 49. Kh3 Qd1 50. Qe7 Rg8 51. d7 Kh7 52. Rf7 Qh1+ 53. Kg4 Qd1 54. Qe4+ Kh8 55. Qe7 Qd4+ 56. Rf4 Qd5 57. Rf8 Qd4+ 58. f4 Qd1+ 59. Kh3 Qh1+ 60. Kg4 Qd1+ 61. Kh3 Qf1+ 62. Kg4 Qd1+ 1/2-1/2

[Event "Titled Tuesday intern op 16th Apr Early"]
[Site "Chess.com INT"]
[Date "2024.04.16"]
[Round "11"]
[White "Sierra Vallina, Lionel"]
[Black "Otero Marino, Alain"]
[Result "0-1"]
[WhiteElo "2273"]
[BlackElo "2250"]
[PlyCount "110"]
[EventDate "2024.04.16"]
[EventType "swiss (blitz)"]
[EventRounds "11"]
[EventCountry "USA"]
[SourceTitle "CB17_2024"]
[SourceDate "2024.04.24"]
[SourceVersion "1"]
[SourceVersionDate "2024.04.24"]
[SourceQuality "1"]

1. e4 e5 2. Nf3 Nc6 3. Bc4 Nf6 4. d3 Bc5 5. Be3 d6 6. Bxc5 dxc5 7. Bb5 Nd7 8. Bxc6 bxc6 9. Nbd2 0-0 10. 0-0 f6 11. Nc4 Qe7 12. Nfd2 Rd8 13. a4 Nf8 14. Qe1 Ne6 15. Nb3 Nd4 16. Nxd4 cxd4 17. Qa5 Be6 18. Nd2 Rdb8 19. b3 c5 20. f4 exf4 21. Rxf4 Qd6 22. Raf1 Rb4 23. R4f2 Qb6 24. Qxb6 axb6 25. e5 f5 26. Nf3 g6 27. Ng5 Bd5 28. g4 fxg4 29. e6 Re8 30. Rf6 b5 31. a5 c4 32. bxc4 bxc4 33. Rf7 cxd3 34. cxd3 Rb2 35. Ne4 Bxe4 36. dxe4 Rxe6 37. Rxc7 Rxe4 38. Rfc1 Ree2 39. Rd7 Rg2+ 40. Kf1 Rbf2+ 41. Ke1 Re2+ 42. Kf1 Ref2+ 43. Ke1 Rg1+ 44. Kxf2 Rxc1 45. Rxd4 h5 46. Kg3 Ra1 47. Rd5 Kg7 48. Rb5 Kh6 49. Rc5 Ra3+ 50. Kg2 h4 51. Rc4 Kh5 52. Rc5+ g5 53. Rb5 Ra2+ 54. Kg1 g3 55. hxg3 h3 0-1

[Event "Titled Tuesday intern op 16th Apr Early"]
[Site "Chess.com INT"]
[Date "2024.04.16"]
[Round "6"]
[White "Sjugirov, Sanan"]
[Black "Otero Marino, Alain"]
[Result "1-0"]
[WhiteElo "2689"]
[BlackElo "2250"]
[PlyCount "119"]
[EventDate "2024.04.16"]
[EventType "swiss (blitz)"]
[EventRounds "11"]
[EventCountry "USA"]
[SourceTitle "CB17_2024"]
[SourceDate "2024.04.24"]
[SourceVersion "1"]
[SourceVersionDate "2024.04.24"]
[SourceQuality "1"]

1. e4 e5 2. Nf3 Nc6 3. Bc4 Nf6 4. d3 Bc5 5. 0-0 d6 6. c3 0-0 7. Nbd2 Bb6 8. a4 a6 9. h3 Ne7 10. Re1 Ng6 11. Bb3 h6 12. d4 Re8 13. Bc2 c6 14. Nf1 Bc7 15. Ng3 Bd7 16. Be3 b5 17. Qd2 a5 18. Bxh6 gxh6 19. Qxh6 Qe7 20. Nf5 Qf8 21. Qg5 Nh7 22. Qd2 Kh8 23. g3 f6 24. Kg2 Rab8 25. axb5 cxb5 26. Bb3 Ne7 27. N3h4 Nxf5 28. Ng6+ Kg7 29. Nxf8 Rxf8 30. exf5 Bc6+ 31. Kh2 Ng5 32. Bd1 Rh8 33. h4 Rbg8 34. d5 Bd7 35. Kg2 Nf7 36. c4 b4 37. c5 Bxf5 38. Bc2 Bd7 39. c6 Bc8 40. Qe2 f5 41. Bd3 Kf6 42. Ba6 e4 43. Bxc8 Rxc8 44. f3 Ne5 45. fxe4 f4 46. Rf1 f3+ 47. Rxf3+ Nxf3 48. Qxf3+ Ke5 49. Qf4+ Kd4 50. Rd1+ Kc5 51. Qe3+ Kb5 52. Qd3+ Kb6 53. Qd4+ Kb5 54. Qd3+ Kb6 55. e5 Rce8 56. e6 Ref8 57. Rf1 Rfg8 58. e7 Re8 59. Qd4+ Ka6 60. Qxh8 1-0

[Event "Titled Tuesday intern op 12th Mar Early"]
[Site "Chess.com INT"]
[Date "2024.03.12"]
[Round "5"]
[White "Eggleston, Thomas"]
[Black "Otero Marino, Alain"]
[Result "0-1"]
[WhiteElo "2188"]
[BlackElo "2250"]
[PlyCount "82"]
[EventDate "2024.03.12"]
[EventType "swiss (blitz)"]
[EventRounds "11"]
[EventCountry "USA"]
[SourceTitle "CB12_2024"]
[SourceDate "2023.10.01"]
[SourceVersion "1"]
[SourceVersionDate "2023.10.01"]
[SourceQuality "1"]

1. e4 c6 2. Nf3 d5 3. Nc3 Bg4 4. Be2 e6 5. Ne5 Bxe2 6. Qxe2 Nd7 7. Nxd7 Qxd7 8. d3 d4 9. Nd1 g6 10. 0-0 Bg7 11. f4 Ne7 12. f5 gxf5 13. exf5 exf5 14. Bg5 f6 15. Bf4 0-0-0 16. Nf2 Nd5 17. Nh3 Rhe8 18. Qf2 Bf8 19. Rae1 Ne3 20. Kh1 Nxf1 21. Rxf1 Bd6 22. Qxd4 Bxf4 23. Qxf4 Re5 24. Qh4 Rde8 25. Nf4 Qd6 26. h3 Qb4 27. Qxh7 Qxb2 28. c4 Kb8 29. Qd7 Qb6 30. Qd6+ Qc7 31. Qxc7+ Kxc7 32. Kh2 Kd6 33. h4 Kc5 34. Rf3 Kd4 35. h5 Re3 36. Rf2 Rh8 37. g3 a5 38. Kg2 b5 39. cxb5 cxb5 40. Rb2 b4 41. a3 Kc3 0-1

[Event "CUB-ch 60th"]
[Site "Holguin"]
[Date "2024.02.12"]
[Round "8"]
[White "Otero Marino, Alain"]
[Black "Diaz Perez, Michel Alejandro"]
[Result "0-1"]
[WhiteElo "2212"]
[BlackElo "2461"]
[PlyCount "110"]
[EventDate "2024.02.05"]
[EventType "swiss"]
[EventRounds "10"]
[EventCountry "CUB"]
[SourceTitle "CB10_2024"]
[SourceDate "2024.03.06"]
[SourceVersion "1"]
[SourceVersionDate "2024.03.06"]
[SourceQuality "1"]

1. e4 e5 2. Nf3 Nc6 3. Bb5 a6 4. Ba4 Nf6 5. 0-0 Be7 6. Re1 b5 7. Bb3 d6 8. c3 0-0 9. h3 Bb7 10. d4 Re8 11. Ng5 Rf8 12. Nf3 Nd7 13. Nbd2 exd4 14. cxd4 Re8 15. Nf1 Na5 16. Bc2 Bf6 17. Ng3 g6 18. Bf4 c5 19. Bxd6 cxd4 20. Bf4 Rc8 21. Rc1 Qb6 22. b3 Nc6 23. Bb1 Nde5 24. Nxe5 Nxe5 25. Rxc8 Rxc8 26. Qd2 h5 27. Ne2 Rd8 28. Bxe5 Bxe5 29. Bd3 Re8 30. f4 Bg7 31. e5 Bh6 32. Ng3 h4 33. Nf1 Rc8 34. Nh2 Rc3 35. Ng4 Bg7 36. Rd1 Qc6 37. Qf2 Rc1 38. Rxc1 Qxc1+ 39. Kh2 Qc6 40. Qe2 Kf8 41. Qf2 Ke8 42. f5 gxf5 43. Bxf5 Qd5 44. Qe2 Kd8 45. Bd3 Kc8 46. Kg1 Kb8 47. a4 Qxb3 48. axb5 a5 49. Be4 a4 50. Bxb7 a3 51. Bd5 Qxd5 52. Qd3 a2 53. Qa3 d3 54. Nf2 d2 55. Nd1 Qd4+ 0-1

[Event "CUB-ch 60th"]
[Site "Holguin"]
[Date "2024.02.11"]
[Round "7"]
[White "Diaz Murgada, Rider"]
[Black "Otero Marino, Alain"]
[Result "1/2-1/2"]
[WhiteElo "2440"]
[BlackElo "2212"]
[PlyCount "115"]
[EventDate "2024.02.05"]
[EventType "swiss"]
[EventRounds "10"]
[EventCountry "CUB"]
[SourceTitle "CB10_2024"]
[SourceDate "2024.03.06"]
[SourceVersion "1"]
[SourceVersionDate "2024.03.06"]
[SourceQuality "1"]

1. e4 e5 2. Nf3 Nc6 3. Bc4 Nf6 4. d3 Bc5 5. c3 d6 6. 0-0 0-0 7. Re1 Bb6 8. h3 Ne7 9. d4 Ng6 10. Bd3 c6 11. Bg5 h6 12. Be3 Re8 13. Nbd2 Bc7 14. Qc2 Nh5 15. Bf1 Nhf4 16. dxe5 dxe5 17. Kh2 Qf6 18. g3 Ne6 19. Bg2 Ngf8 20. a4 Ng5 21. a5 Nxf3+ 22. Nxf3 Be6 23. b4 a6 24. c4 Bd6 25. Qc3 Nd7 26. Rab1 g5 27. Red1 Qe7 28. Nd2 c5 29. b5 b6 30. Ra1 axb5 31. cxb5 bxa5 32. Rxa5 Rxa5 33. Qxa5 c4 34. Rc1 Bb4 35. Qa7 Rb8 36. b6 c3 37. Nb1 Bc5 38. Nxc3 Bxe3 39. fxe3 Qc5 40. Rd1 Qc8 41. Nd5 Bxd5 42. exd5 Rxb6 43. d6 Rb2 44. Qc7 Qa8 45. Rg1 Qe8 46. Qc3 Qb8 47. Qc6 Qa7 48. Rf1 Rd2 49. Kh1 Kg7 50. Qf3 Qa2 51. Rd1 e4 52. Qf1 Qd5 53. Rxd2 Qxd2 54. Qa1+ Nf6 55. Qa3 Qd5 56. Qb4 Qd1+ 57. Kh2 Qd5 58. Kh1 1/2-1/2

[Event "Wch U18"]
[Site "Montesilvano"]
[Date "2023.11.16"]
[Round "4"]
[White "Talibov, Shiroghlan"]
[Black "Otero Marino, Alain"]
[Result "1/2-1/2"]
[WhiteElo "2362"]
[BlackElo "2204"]
[PlyCount "100"]
[EventDate "2023.11.13"]
[EventType "swiss"]
[EventRounds "11"]
[EventCountry "ITA"]
[SourceTitle "CB48_2023"]
[SourceDate "2023.11.29"]
[SourceVersion "1"]
[SourceVersionDate "2023.11.29"]
[SourceQuality "1"]

1. e4 e5 2. Nf3 Nc6 3. Bc4 Nf6 4. d4 exd4 5. e5 d5 6. Bb5 Ne4 7. Nxd4 Bc5 8. Be3 0-0 9. Bxc6 bxc6 10. Nd2 Bxd4 11. Bxd4 Qg5 12. Be3 Qd8 13. Bd4 Qg5 14. Be3 Qd8 15. Bd4 Qg5 16. Be3 Qd8 17. Bd4 Qg5 18. Be3 Qd8 19. Bd4 Qg5 20. Nxe4 dxe4 21. Qd2 h6 22. Qxg5 hxg5 23. h4 Rd8 24. 0-0-0 g4 25. Rhe1 Bf5 26. Rh1 Bc8 27. Rhe1 Bf5 28. Be3 Rd5 29. Rxd5 cxd5 30. Rd1 Be6 31. Bc5 Bf5 32. Be3 Be6 33. Bc5 Bf5 34. Be3 Be6 35. Bc5 Bf5 36. Be3 Be6 37. Bc5 Kh7 38. g3 Kg6 39. c3 a6 40. b4 a5 41. Rd2 a4 42. a3 Rb8 43. Kb2 Ra8 44. Kc1 Rb8 45. Kb2 Ra8 46. Kc1 Rb8 47. Kb2 Ra8 48. Kc1 Rb8 49. Kb2 Ra8 50. Kc1 Rb8 1/2-1/2

[Event "Titled Tuesday intern op 29th Aug Early"]
[Site "Chess.com INT"]
[Date "2023.08.29"]
[Round "1"]
[White "Nesterov, Arseniy"]
[Black "Otero Marino, Alain"]
[Result "1-0"]
[WhiteElo "2569"]
[BlackElo "2230"]
[PlyCount "55"]
[EventDate "2023.08.29"]
[EventType "swiss (blitz)"]
[EventRounds "11"]
[EventCountry "USA"]
[SourceTitle "EXT 2024"]
[Source "ChessBase"]
[SourceDate "2023.10.10"]
[SourceVersion "1"]
[SourceVersionDate "2023.10.10"]
[SourceQuality "1"]

1. d4 Nf6 2. c4 e6 3. g3 d5 4. Bg2 dxc4 5. Nf3 a6 6. 0-0 Nc6 7. e3 Rb8 8. Nfd2 e5 9. Bxc6+ bxc6 10. dxe5 Ng4 11. Nxc4 Be6 12. Nbd2 Bb4 13. b3 h5 14. h3 Bc3 15. Ba3 Bxa1 16. Qxa1 Qd3 17. Qc1 Nh6 18. Na5 Qd7 19. Ne4 Bxh3 20. Rd1 Qe6 21. Ng5 Qg6 22. Nxh3 Nf5 23. Nf4 Qh6 24. Qxc6+ Qxc6 25. Nxc6 Ra8 26. Nd5 Kd7 27. Nde7+ Ke6 28. Nxf5 1-0

[Event "Titled Tuesday intern op 18th Jul Early"]
[Site "Chess.com INT"]
[Date "2023.07.18"]
[Round "8"]
[White "Kiseleva, Arina"]
[Black "Otero Marino, Alain"]
[Result "1/2-1/2"]
[WhiteElo "1962"]
[BlackElo "2230"]
[PlyCount "37"]
[EventDate "2023.07.18"]
[EventType "swiss (blitz)"]
[EventRounds "11"]
[EventCountry "USA"]
[SourceTitle "EXT 2024"]
[Source "ChessBase"]
[SourceDate "2023.10.10"]
[SourceVersion "1"]
[SourceVersionDate "2023.10.10"]
[SourceQuality "1"]

1. d4 d5 2. Nf3 Nf6 3. e3 e6 4. Bd3 c5 5. b3 Nc6 6. 0-0 Bd6 7. Bb2 0-0 8. Nbd2 a6 9. Ne5 Qc7 10. Nxc6 bxc6 11. dxc5 Bxc5 12. Bxf6 gxf6 13. Qg4+ Kh8 14. Qh4 f5 15. Qf6+ Kg8 16. Qg5+ Kh8 17. Qf6+ Kg8 18. Qg5+ Kh8 19. Qf6+ 1/2-1/2

[Event "Titled Tuesday intern op 18th Jul Late"]
[Site "Chess.com INT"]
[Date "2023.07.18"]
[Round "4"]
[White "Otero Marino, Alain"]
[Black "Ansh, M Shah"]
[Result "0-1"]
[WhiteElo "2230"]
[BlackElo "2173"]
[PlyCount "68"]
[EventDate "2023.07.18"]
[EventType "swiss (blitz)"]
[EventRounds "11"]
[EventCountry "USA"]
[SourceTitle "EXT 2024"]
[Source "ChessBase"]
[SourceDate "2023.10.10"]
[SourceVersion "1"]
[SourceVersionDate "2023.10.10"]
[SourceQuality "1"]

1. e4 g6 2. d4 Bg7 3. Nc3 d6 4. f4 Nf6 5. Nf3 0-0 6. Bd3 c5 7. d5 a6 8. a4 e6 9. 0-0 exd5 10. exd5 Nbd7 11. a5 Qc7 12. Bd2 c4 13. Be2 Qc5+ 14. Kh1 Nxd5 15. Nxd5 Qxd5 16. Bc3 Qc5 17. Ra4 d5 18. Bb4 Qc6 19. Bxf8 Nxf8 20. c3 Ne6 21. g3 Nc5 22. Rb4 Nb3 23. Ne5 Qc5 24. Bf3 Bh3 25. Re1 Rd8 26. Rxb7 Nxa5 27. Rb4 d4 28. Re2 d3 29. Re1 Qf2 30. Re2 Qc5 31. Rd2 Bxe5 32. fxe5 Qxe5 33. Qg1 Qg5 34. Rd1 Qf5 0-1

[Event "Titled Tuesday intern op 18th Jul Early"]
[Site "Chess.com INT"]
[Date "2023.07.18"]
[Round "2"]
[White "Otero Marino, Alain"]
[Black "Sadykov, Ramil"]
[Result "0-1"]
[WhiteElo "2230"]
[BlackElo "2345"]
[PlyCount "60"]
[EventDate "2023.07.18"]
[EventType "swiss (blitz)"]
[EventRounds "11"]
[EventCountry "USA"]
[SourceTitle "EXT 2024"]
[Source "ChessBase"]
[SourceDate "2023.10.10"]
[SourceVersion "1"]
[SourceVersionDate "2023.10.10"]
[SourceQuality "1"]

1. e4 c5 2. Nf3 Nc6 3. d4 cxd4 4. Nxd4 Nf6 5. Nc3 d6 6. Bg5 e6 7. Qd2 a6 8. 0-0-0 h6 9. Nxc6 bxc6 10. Bf4 d5 11. Be2 Bb4 12. f3 0-0 13. Be5 c5 14. g4 d4 15. g5 Nd7 16. Qf4 Nxe5 17. Qxe5 Qxg5+ 18. Qxg5 hxg5 19. Nb1 Ba5 20. Rhg1 Bc7 21. Rxg5 Bf4+ 22. Nd2 Bxg5 23. Kb1 Bxd2 24. Rxd2 e5 25. Bc4 Be6 26. Be2 f5 27. b3 fxe4 28. fxe4 Rf2 29. Kc1 a5 30. Bc4 Rf6 0-1

[Event "Titled Tuesday intern op 18th Jul Late"]
[Site "Chess.com INT"]
[Date "2023.07.18"]
[Round "2"]
[White "Otero Marino, Alain"]
[Black "Taboas Rodriguez, Daniel"]
[Result "1-0"]
[WhiteElo "2230"]
[BlackElo "2374"]
[PlyCount "83"]
[EventDate "2023.07.18"]
[EventType "swiss (blitz)"]
[EventRounds "11"]
[EventCountry "USA"]
[SourceTitle "EXT 2024"]
[Source "ChessBase"]
[SourceDate "2023.10.10"]
[SourceVersion "1"]
[SourceVersionDate "2023.10.10"]
[SourceQuality "1"]

1. e4 e5 2. Nf3 Nc6 3. Bb5 Nf6 4. d3 d6 5. 0-0 Bd7 6. Nc3 g6 7. d4 Bg7 8. Re1 0-0 9. Be3 Re8 10. d5 Nb8 11. Bxd7 Nbxd7 12. Qd2 Ng4 13. Bg5 Bf6 14. h3 Bxg5 15. Nxg5 Ngf6 16. b4 Kg7 17. a4 Nh5 18. a5 Nf4 19. Nf3 Qf6 20. Kh2 a6 21. Ra3 g5 22. Nd1 h5 23. g3 Nxh3 24. Kxh3 g4+ 25. Kg2 gxf3+ 26. Rxf3 Qg6 27. Ne3 Rh8 28. Nf5+ Kf8 29. Nh4 Qg4 30. Qc3 Rc8 31. Ree3 Rg8 32. Kh2 Qg5 33. Rf5 Qg7 34. Ref3 f6 35. Rxh5 Kf7 36. Nf5 Qg4 37. Nh6+ Kg6 38. Nxg4 Kxh5 39. Nxf6+ Nxf6 40. Rxf6 Kg4 41. Qf3+ Kg5 42. Qf5# 1-0

[Event "Titled Tuesday intern op 18th Jul Early"]
[Site "Chess.com INT"]
[Date "2023.07.18"]
[Round "7"]
[White "Otero Marino, Alain"]
[Black "Thiel, Thomas"]
[Result "1/2-1/2"]
[WhiteElo "2230"]
[BlackElo "2195"]
[PlyCount "80"]
[EventDate "2023.07.18"]
[EventType "swiss (blitz)"]
[EventRounds "11"]
[EventCountry "USA"]
[SourceTitle "EXT 2024"]
[Source "ChessBase"]
[SourceDate "2023.10.10"]
[SourceVersion "1"]
[SourceVersionDate "2023.10.10"]
[SourceQuality "1"]

1. e4 d5 2. exd5 Nf6 3. Bb5+ Nbd7 4. Nc3 a6 5. Ba4 b5 6. Bb3 Nc5 7. Nge2 Bb7 8. 0-0 g6 9. d4 Nxb3 10. axb3 Bg7 11. Nf4 Nxd5 12. Nfxd5 Bxd5 13. Nxd5 Qxd5 14. c3 0-0 15. Re1 Rfe8 16. b4 e5 17. dxe5 Qxd1 18. Rxd1 Bxe5 19. Bg5 Bd6 20. Be3 Re6 21. Bd4 Rae8 22. g3 Bf8 23. Be3 Rc8 24. Ra5 c5 25. bxc5 Bxc5 26. Bxc5 Rxc5 27. Rd8+ Kg7 28. Ra8 Rf5 29. Kf1 Rd6 30. Re8 Rd1+ 31. Re1 Rd2 32. Re2 Rd1+ 33. Kg2 Rf6 34. f4 h5 35. h4 Rd3 36. Kf2 Rc6 37. Re3 Rd2+ 38. Re2 Rd3 39. Re7 Rd2+ 40. Re2 Rd3 1/2-1/2

[Event "Titled Tuesday intern op 18th Jul Early"]
[Site "Chess.com INT"]
[Date "2023.07.18"]
[Round "10"]
[White "Zaichenko, Daria"]
[Black "Otero Marino, Alain"]
[Result "1-0"]
[WhiteElo "2104"]
[BlackElo "2230"]
[PlyCount "69"]
[EventDate "2023.07.18"]
[EventType "swiss (blitz)"]
[EventRounds "11"]
[EventCountry "USA"]
[SourceTitle "EXT 2024"]
[Source "ChessBase"]
[SourceDate "2023.10.10"]
[SourceVersion "1"]
[SourceVersionDate "2023.10.10"]
[SourceQuality "1"]

1. e4 e5 2. Nf3 Nc6 3. Bc4 Bc5 4. d3 Nf6 5. c3 d6 6. Bb3 Bb6 7. 0-0 0-0 8. Re1 Ne7 9. Nbd2 c6 10. Nf1 Ng6 11. Ng3 Re8 12. Bg5 h6 13. Be3 d5 14. Bxb6 Qxb6 15. Nf5 Ng4 16. Qd2 Qd8 17. h3 Nf6 18. Rad1 Qc7 19. Nxh6+ gxh6 20. Qxh6 Qd6 21. exd5 cxd5 22. d4 e4 23. Ne5 Nxe5 24. dxe5 Qxe5 25. Re3 Bf5 26. f4 Qe6 27. Rg3+ Bg6 28. Rf1 Qf5 29. Rg5 Qe6 30. f5 Qb6+ 31. Kh1 Nh7 32. Rxg6+ fxg6 33. Bxd5+ Kh8 34. fxg6 e3 35. Qxh7# 1-0